000 00596nam a2200229Ia 4500
003 OSt
005 20220924150309.0
006 a|||||r|||| 00| 0
007 ta
008 220923b |||||||| |||| 00| 0 snd d
024 _a332678
037 _cTextual
040 _aARTS
_cARTS
_bsnd
041 _2snd
_asnd
082 _aO1593,1:g, K7
100 _aShad Arjun Meer Chandani Au.
_9221804
245 0 _aVivlaga ji kinari
260 _c1967
650 _aSINDHI LITERATURE
942 _hO1593,1:g, K7
_cTEXL
_2CC
999 _c462896
_d462896